| 000 | 00618cam a22001814a 4500 | ||
|---|---|---|---|
| 020 | _a1559631112 (pbk. : alk. paper) | ||
| 040 | _cDLC | ||
| 082 | 0 | 0 | _a712 ISL 2003 A086 Or. |
| 100 | 1 | _aFrancis, Mark, | |
| 245 | 1 | 0 |
_aVillage homes : _ba community by design / |
| 260 |
_aWashington, DC : _bIsland Press, _c2003. |
||
| 300 |
_axiii, 87, [1] p. : _bill. (chiefly col.), map ; _c26 cm. |
||
| 650 | 0 | _aLandscape architecture | |
| 650 | 0 | _aPlanned communities | |
| 856 | 4 | 1 | _uhttp://www.loc.gov/catdir/toc/ecip042/2003007590.html |
| 856 | 4 | 2 | _uhttp://www.loc.gov/catdir/enhancements/fy0631/2003007590-d.html |
| 942 | _cEK | ||
| 999 |
_c12480 _d12480 |
||